[Event "Jch-RUS g20"]
[Site "Essentuki RUS"]
[Date "2003.03.09"]
[Round "7"]
[White "Bannikova,A"]
[Black "Zakharova,A"]
[Result "1-0"]
[WhiteElo "2146"]
[BlackElo "2107"]

1.e4 e6 2.d4 d5 3.Nd2 Nc6 4.Ngf3 Nf6 5.e5 Nd7 6.Be2 f6 7.exf6 Qxf6 8.Nf1 Bd6
9.Ne3 O-O 10.O-O Qg6 11.c3 Nf6 12.Nh4 Qe8 13.f4 Ne7 14.Ng4 Nxg4 15.Bxg4 Nf5
16.Nf3 c5 17.Kh1 a5 18.Re1 cxd4 19.Nxd4 Nxd4 20.Qxd4 Qg6 21.Bh3 Ra6 22.Bd2 Rc6
23.f5 Rxf5 24.Bxf5 Qxf5 25.Qh4 h6 26.Rf1 Qg6 27.c4 dxc4 28.Bxa5 Kh7 29.Rae1 Rc5
30.Qd4 Rd5 31.Qc3 Qh5 32.g3 Rxa5 33.Qc2+ Kg8 34.Qxc4 Bd7 35.b4 Bc6+ 36.Kg1 Re5
37.Qh4 Qg6 38.Qd8+ Kh7 39.Qxd6 Rd5 40.Qxe6 Qxe6 41.Rxe6 Rd2 42.Rf2 Rd1+ 43.Rf1 Rd2
44.Rxc6 bxc6 45.Ra1 Rb2 46.a4 Rxb4 47.a5 Rb8 48.a6 Kg8 49.Kf2 Kf7 50.Ke3 Ke6
51.a7 Ra8 52.Kd4 Kd6 53.Ra6 g6 54.g4 h5 55.g5 h4 56.h3 Kc7 57.Kc5 Kb7 58.Ra4 Kc7
59.Rxh4  1-0

[Event "Tch-SWE 2002-3"]
[Site "Sweden SWE"]
[Date "2003.03.15"]
[Round "10"]
[White "Hjelm,N"]
[Black "Djurhuus,R"]
[Result "0-1"]
[WhiteElo "2323"]
[BlackElo "2479"]

1.e4 e6 2.d4 d5 3.Nd2 Be7 4.c3 Nf6 5.e5 Nfd7 6.Bd3 b6 7.Nh3 Ba6 8.Bxa6 Nxa6
9.Qg4 g6 10.Qe2 Nab8 11.Nf3 h6 12.Nf4 Qc8 13.O-O Qa6 14.Qc2 g5 15.Nh5 c5
16.Be3 Nc6 17.a3 Rc8 18.Qd1 cxd4 19.cxd4 Na5 20.Rc1 Rxc1 21.Bxc1 Qc4 22.Be3 Kd8
23.b4 Nb3 24.Nd2 Nxd2 25.Qxd2 Qb3 26.Rc1 b5 27.Rc3 Qa4 28.Qe2 Nb6 29.Bc1 Kd7
30.h4 Rc8 31.Rxc8 Kxc8 32.hxg5 hxg5 33.Qd3 Nc4 34.Nf6 a5 35.bxa5 Qxa5 36.Bxg5 Qe1+
37.Kh2 Bxf6 38.exf6 Qxf2 39.Qh7 Nd6 40.Qg8+ Kc7 41.Kh3 Qxd4 42.Bh4 Qd1 43.Bg3 Qh5+
44.Bh4 d4 45.Qa8 d3 46.Qa7+ Kc6 47.Qa8+ Kc5 48.g4 Qd5 49.Bf2+ Kc4 50.Qa5 d2  0-1

[Event "IV Dos Hermanas Internet Final"]
[Site "ICC INT"]
[Date "2003.03.22"]
[Round "3.2"]
[White "Balogh,C"]
[Black "Reinaldo Castineira,R"]
[Result "1/2-1/2"]
[WhiteElo "2448"]
[BlackElo "2402"]

1.e4 e6 2.d4 d5 3.Nd2 Be7 4.e5 c5 5.Qg4 Kf8 6.dxc5 h5 7.Qd1 Nd7 8.Ndf3 Nxc5
9.Bd3 Nh6 10.Nh3 Nxd3+ 11.cxd3 Nf5 12.O-O Bd7 13.Bg5 f6 14.Bf4 Kf7 15.Re1 Qb6
16.Qe2 Rac8 17.a3 Rc6 18.Be3 d4 19.Bf4 a5 20.Rad1 a4 21.Rd2 Rhc8 22.g3 Rc1
23.Rdd1 R1c2 24.Rd2 Rc1 25.Red1 Qb3 26.Nh4 Nxh4 27.gxh4 Rxd1+ 28.Rxd1 Rh8
29.Bg3 Qd5 30.f3 Bc6 31.Kg2 Qb3 32.Nf2 Rc8 33.Rd2 b5 34.Ne4 b4 35.axb4 Bxb4
36.Rc2 Bd7 37.Rxc8 Bxc8 38.exf6 gxf6 39.Bd6 Bb7 40.Bxb4 Qxb4 41.Qc2 Bxe4
42.fxe4 Qe1 43.Qc7+ Kg6 44.Qg3+ Qxg3+ 45.hxg3 f5 46.e5 Kg7 47.Kf2 Kf8 48.Ke2 Ke7
49.Kf3 Kf7 50.Kf4 Kg6 51.Kf3 Kf7 52.Ke2 Ke7 53.Kf2 Kf8 54.Kf3 Kf7  1/2-1/2

[Event "TCh-AUT B"]
[Site "Mitte AUT"]
[Date "2003.03.23"]
[Round "11"]
[White "Petschar,K"]
[Black "Bukal,V jr"]
[Result "0-1"]
[WhiteElo "2291"]
[BlackElo "2396"]

1.e4 e6 2.d4 d5 3.Nd2 Be7 4.Ngf3 Nf6 5.Bd3 c5 6.exd5 Nxd5 7.dxc5 Bxc5 8.O-O Nc6
9.a3 Be7 10.Re1 O-O 11.Ne4 Qc7 12.c4 Nf4 13.Bf1 Ng6 14.Qc2 b6 15.b3 Re8 16.Bb2 Bf8
17.Rad1 e5 18.Nc3 Bg4 19.Nd5 Qb7 20.Be2 Rac8 21.h3 Be6 22.Ng5 Bxd5 23.Rxd5 Nd4
24.Bxd4 Qxd5 25.Bc3 Qd8 26.Qf5 Qf6 27.Qxf6 gxf6 28.Ne4 Kg7 29.Ng3 Nf4 30.Bg4 Rcd8
31.Nf5+ Kh8 32.g3 Rd3 33.Re3 Rxe3 34.Nxe3 Ng6 35.a4 Bc5 36.Nd5 Kg7 37.Bf5 Bd4
38.Bb4 Bc5 39.Bd2 Ne7 40.Nxe7 Rxe7  0-1

[Event "TSIM March"]
[Site "Subotica YUG"]
[Date "2003.03.24"]
[Round "2"]
[White "Buljovcic,I"]
[Black "Zegarac,B"]
[Result "1/2-1/2"]
[WhiteElo "2320"]
[BlackElo "2302"]

1.e4 e6 2.d4 d5 3.Nd2 a6 4.Ngf3 c5 5.exd5 exd5 6.dxc5 Bxc5 7.Nb3 Bb6 8.Bg5 f6
9.Bf4 Nc6 10.c3 Nge7 11.Be2 O-O 12.Qd2 Re8 13.O-O Nf5 14.Bd3 Be6 15.Rfe1 Qd7
16.Rad1 Bf7 17.h3 Rad8 18.Rxe8+ Rxe8 19.Bb1  1/2-1/2

[Event "National I"]
[Site "Besancon FRA"]
[Date "2003.04.05"]
[Round "5"]
[White "Peter,S"]
[Black "Leconte,JO"]
[Result "1/2-1/2"]
[WhiteElo "2240"]
[BlackElo "2302"]

1.e4 e6 2.d4 d5 3.Nd2 Nc6 4.Ngf3 Nf6 5.e5 Nd7 6.Nb3 a5 7.a4 Be7 8.Bb5 Na7
9.Be2 b6 10.O-O O-O 11.c3 c5 12.Ne1 cxd4 13.cxd4 f6 14.f4 fxe5 15.fxe5 Rxf1+
16.Bxf1 Nf8 17.Qg4 Bd7 18.Bh6 Ng6 19.Bd3 Qe8 20.Bd2 Nc6 21.Nf3 Nd8 22.Bxg6 Qxg6
23.Qxg6 hxg6 24.Nc1 Rc8 25.Nd3 Rc2 26.b3 Nc6 27.Be1 Bc8 28.Rc1 Rxc1 29.Nxc1 Ba6
30.Kf2 Kf7 31.Ke3 Bf1 32.Kf2 Ba6 33.Ke3 Bf1  1/2-1/2

[Event "FSGM April"]
[Site "Budapest HUN"]
[Date "2003.04.05"]
[Round "1"]
[White "Blauert,J"]
[Black "McDonald,N"]
[Result "0-1"]
[WhiteElo "2411"]
[BlackElo "2391"]

1.e4 e6 2.d4 d5 3.Nd2 Be7 4.Bd3 c5 5.c3 cxd4 6.cxd4 dxe4 7.Nxe4 Nc6 8.Nf3 Nf6
9.O-O O-O 10.Nxf6+ Bxf6 11.Be3 Nb4 12.Be4 Nd5 13.Qb3 b6 14.Bxd5 exd5 15.Ne5 Be6
16.Qa4 g6 17.Rac1 Bg7 18.Rc3 f6 19.Nd3 g5 20.Rfc1 Rf7 21.Qc6 Re7 22.Nb4 a5
23.Nd3 Bf8 24.Qb5 Bf7 25.Qb3 Be8 26.Qc2 Qd6 27.a4 Bd7 28.b3 Rae8 29.Rc7 Re4
30.Rb7 Bf5 31.Qd2 Qe6 32.Rbc7 Bg6 33.R7c6 Qf5 34.Rxb6 Rxe3 35.fxe3 Qxd3 36.Qxd3 Bxd3
37.Kf2 Bb4 38.Rc7 Bd2 39.Rbb7 Bxe3+ 40.Kf3 Bxd4 41.Rg7+ Kh8 42.Rge7 Be4+
43.Kg3 Rxe7 44.Rxe7 Bc3 45.Kf2 f5  0-1

[Event "Classics GM"]
[Site "Gausdal NOR"]
[Date "2003.04.05"]
[Round "3"]
[White "Sarbok,T"]
[Black "Kristjansson,S"]
[Result "1/2-1/2"]
[WhiteElo "2325"]
[BlackElo "2406"]

1.e4 e6 2.d4 d5 3.Nd2 Be7 4.Bd3 c5 5.dxc5 Nf6 6.exd5 Nxd5 7.Nb3 a5 8.a4 O-O
9.Nf3 Nd7 10.O-O Nxc5 11.Nxc5 Bxc5 12.Ng5 h6 13.Ne4 Be7 14.c3 Bd7 15.Ng3 Bc6
16.Qe2 Bd6 17.Qe4 Nf6 18.Qe2 Qc7 19.c4 Bf4 20.b3 Bxc1 21.Raxc1 Qf4 22.Bc2 Rfd8
23.Rcd1 Kf8 24.h3 g6 25.Rd3 Ke7 26.Rfd1 h5 27.Nf1 Rxd3 28.Bxd3 Rd8 29.Ne3 Qg5
30.Qc2 Qc5 31.Qc3 b6 32.Bc2 Rxd1+ 33.Nxd1 h4 34.Qd2 Qe5 35.Bd3 Nd7 36.Bc2 g5
37.Ne3 Nf6 38.Bd3 Qa1+ 39.Kh2 Qe5+ 40.Kg1 Qa1+ 41.Kh2 Qd4 42.Qc2 Nd7 43.Qe2 Ne5
44.Bc2 Be4 45.Bxe4 Qxe4 46.Qd2 Nd7 47.b4 Qe5+ 48.g3 hxg3+ 49.fxg3 axb4 50.Qxb4+ Qc5
51.Qc3 Ne5 52.Ng4 Nxg4+ 53.hxg4 Qf2+ 54.Kh1 Qf1+ 55.Kh2 Qe2+ 56.Kh3 Qf2 57.Qc1 Qc5
58.Kh2 Qf2+ 59.Kh3 f6 60.Qd1 Qc5 61.Qd3 Qg1 62.Qa3+ Kd7 63.Qf3 Kd6 64.c5+ bxc5
65.a5 Qa1  1/2-1/2

[Event "National I"]
[Site "Bordeaux FRA"]
[Date "2003.04.06"]
[Round "6"]
[White "Mullon,J"]
[Black "Moracchini,F"]
[Result "1-0"]
[WhiteElo "2286"]
[BlackElo "2302"]

1.e4 e6 2.d4 d5 3.Nd2 Be7 4.Bd3 c5 5.dxc5 Nc6 6.Ngf3 Bxc5 7.a3 Nf6 8.Qe2 Be7
9.O-O O-O 10.Rd1 Qc7 11.h3 a6 12.Re1 Re8 13.b4 b5 14.e5 Nd7 15.Nb3 f6 16.Nfd4 Nf8
17.Nxc6 Qxc6 18.Bb2 f5 19.Bd4 Bd7 20.Rad1 Rec8 21.g4 fxg4 22.Qxg4 Ng6 23.Bxg6 hxg6
24.Bc5 Bxc5 25.Nxc5 Rf8 26.Rd4 Rf5 27.Qxg6 Raf8 28.Re2 Bc8 29.Rh4 R8f7 30.Qh7+ Kf8
31.Qh8+ Ke7 32.Qg8 Rg5+ 33.Rg4 Rxg4+ 34.hxg4 d4 35.Ne4 Bb7 36.Qb8 d3 37.Qd6+ Qxd6
38.exd6+ Kd7 39.Nc5+ Kxd6 40.Rxe6+ Kd5 41.cxd3 Kd4 42.Nxb7 Rxb7 43.Rxa6 Kxd3
44.Kg2 Kc4 45.f4 Rd7 46.Kg3 Kb3 47.f5 Rd3+ 48.Kh4 Rd7 49.g5 Rc7 50.Kh5 Rd7
51.Kg6 Rc7 52.f6 gxf6 53.gxf6 Rc1 54.f7 Rg1+ 55.Kh7 Rf1 56.Kg7  1-0

[Event "Team Cup"]
[Site "Belgrade YUG"]
[Date "2003.04.07"]
[Round "4"]
[White "Andrijevic,M"]
[Black "Hrzic,I"]
[Result "1/2-1/2"]
[WhiteElo "2383"]
[BlackElo "2300"]

1.e4 e6 2.d4 d5 3.Nd2 Be7 4.Bd3 c5 5.dxc5 Nf6 6.exd5 Qxd5 7.Ngf3 Bxc5 8.O-O O-O
9.Qe2 Nc6 10.c3 Rd8 11.Bc4 Qh5 12.Ne4 Nxe4 13.Qxe4 Bd6 14.h3 Ne5 15.Nxe5 Qxe5
16.Qxe5 Bxe5 17.Bg5 Bf6 18.Bxf6 gxf6 19.Rad1 Bd7 20.Be2 Bc6  1/2-1/2

[Event "FSIMA April"]
[Site "Budapest HUN"]
[Date "2003.04.07"]
[Round "3"]
[White "Gara,T"]
[Black "Broomfield,M"]
[Result "0-1"]
[WhiteElo "2298"]
[BlackElo "2255"]

1.e4 e6 2.d4 d5 3.Nd2 Be7 4.Ngf3 Nf6 5.Bd3 c5 6.e5 Nfd7 7.c3 Nc6 8.Bc2 b6
9.O-O Ba6 10.Re1 cxd4 11.Nxd4 Ndxe5 12.Ba4 b5 13.Bxb5 Bxb5 14.Nxb5 Nd3 15.Re3 Nxc1
16.Qxc1 O-O 17.Nf3 Qb6 18.Nbd4 Rfc8 19.Nxc6 Rxc6 20.Nd4 Rc4 21.Rg3 Bc5 22.Rd3 e5
23.b3 Rxd4 24.cxd4 Bxd4 25.Rb1 Bxf2+ 26.Kh1 d4 27.Rf3 Be3 28.Qc4 Qe6 29.Qxe6 fxe6
30.Re1 Rc8 31.h3 Rc3 32.g4 e4 33.Rff1 g5 34.Re2 Bf4 35.Rxe4 Rxh3+ 36.Kg2 Rg3+
37.Kf2 e5 38.Rg1 Rc3 39.Rg2 Kf7 40.Re2 Ke6 41.Kf1 d3 42.Re1 Kd5  0-1

[Event "FSGM April"]
[Site "Budapest HUN"]
[Date "2003.04.07"]
[Round "3"]
[White "Aagaard,J"]
[Black "Farago,I"]
[Result "1/2-1/2"]
[WhiteElo "2343"]
[BlackElo "2477"]

1.e4 e6 2.d4 d5 3.Nd2 Be7 4.c3 c5 5.dxc5 Nf6 6.exd5 Qxd5 7.Ngf3 Qxc5 8.Be2 O-O
9.O-O Qc7 10.Re1 Nbd7 11.Nd4 a6 12.Bf1 b6 13.N2f3 Bb7 14.g3 Bd6 15.Bg2 Rfe8
16.Bg5 h6 17.Bxf6 Nxf6 18.Qe2 Rad8 19.Ne5 Bxg2 20.Kxg2 Bxe5 21.Qxe5 Qb7+
22.Kg1 Rd5 23.Qe2 b5 24.Rad1 Red8 25.Nc2 R5d7 26.Rxd7 Qxd7 27.Ne3 Qb7  1/2-1/2

[Event "Classics GM"]
[Site "Gausdal NOR"]
[Date "2003.04.08"]
[Round "8"]
[White "Lie,K"]
[Black "Bluvshtein,M"]
[Result "1/2-1/2"]
[WhiteElo "2430"]
[BlackElo "2451"]

1.e4 e6 2.d4 d5 3.Nd2 Be7 4.Bd3 Nf6 5.e5 Nfd7 6.Ngf3 c5 7.c3 Nc6 8.O-O g5
9.dxc5 Nxc5 10.Bb5 a6 11.Bxc6+ bxc6 12.Nd4 Qc7 13.Qh5 Nd3 14.N2f3 c5 15.Ne2 Nxe5
16.Nxg5 Ng6 17.f4 Bd7 18.Ng3 Bxg5 19.Qxg5 f5 20.Be3 Rc8 21.Qh6 Nf8 22.Qg7 Ng6
23.Qh6 Bb5 24.Rfe1 Kd7 25.b3 Kc6 26.c4 dxc4 27.a4 cxb3 28.axb5+ axb5 29.Rec1 Kb7
30.Rxc5 Qd7 31.Rxc8 b2 32.Rcc1 bxa1=Q 33.Rxa1 Ra8 34.Rxa8 Kxa8 35.Qh5 Nxf4
36.Bxf4 Qd4+ 37.Kf1 Qxf4+ 38.Qf3+ Qxf3+ 39.gxf3 Kb7 40.Ne2 b4 41.Nd4 e5 42.Nxf5 b3
43.Nd6+ Kc6 44.Nc4 Kc5 45.Nb2 Kd4 46.Nd1 e4 47.f4 e3 48.f5 Ke5 49.Nxe3 Kf4  1/2-1/2

[Event "IM"]
[Site "Deizisau GER"]
[Date "2003.04.12"]
[Round "2"]
[White "Jens,J"]
[Black "Papa,S"]
[Result "1-0"]
[WhiteElo "2375"]
[BlackElo "2366"]

1.e4 e6 2.d4 d5 3.Nd2 Be7 4.Bd3 c5 5.dxc5 Nf6 6.Qe2 O-O 7.Ngf3 a5 8.O-O Na6
9.e5 Nd7 10.c3 Naxc5 11.Bc2 b6 12.Re1 Ba6 13.Qe3 a4 14.Nd4 Qc7 15.Nf1 g6
16.Qg3 Rac8 17.Bh6 Rfe8 18.Nd2 a3 19.b4 Ne4 20.Bxe4 dxe4 21.Nxe4 Qxe5 22.Bf4 Qg7
23.Rad1 e5 24.Qh3 exd4 25.Qxd7 Rcd8 26.Qa4 Bb7 27.Nd6  1-0

[Event "Asian Teams"]
[Site "Jodhpur IND"]
[Date "2003.04.13"]
[Round "7"]
[White "Ramesh,R"]
[Black "Yu Shaoteng"]
[Result "1-0"]
[WhiteElo "2444"]
[BlackElo "2520"]

1.e4 e6 2.d4 d5 3.Nd2 Be7 4.Ngf3 Nf6 5.Bd3 c5 6.e5 Nfd7 7.c3 Nc6 8.O-O a5
9.Re1 cxd4 10.cxd4 Qb6 11.Nb1 Nxd4 12.Nxd4 Qxd4 13.Nc3 Qb6 14.Qg4 g6 15.Bh6 Nc5
16.Bb5+ Bd7 17.a4 Bc6 18.Rad1 O-O-O 19.Be3 Qc7 20.Bd4 Nb3 21.Ne2 Bxb5 22.axb5 Nxd4
23.Nxd4 Kb8 24.Qf4 Rhf8 25.Rc1 Qb6 26.Qe3 Ka8 27.Ra1 Bc5 28.Red1 Rc8 29.Qf4 Kb8
30.h4 h5 31.g3 Rc7 32.Kg2 Rfc8 33.Nb3 Bb4 34.Nxa5 Qxb5 35.Nb3 Qb6 36.Nc1 Rc4
37.Qf3 R8c7 38.Nd3 Qc6 39.Ra2 Rd7 40.Rda1 Kc7 41.b3 Bc3 42.Rc1 Rg4 43.Nb4 Bxb4
44.Rxc6+ Kxc6 45.Rc2+ Bc5 46.Qc3 b6 47.f3  1-0

[Event "FSGM April"]
[Site "Budapest HUN"]
[Date "2003.04.14"]
[Round "10"]
[White "Blauert,J"]
[Black "Erdos,V"]
[Result "1/2-1/2"]
[WhiteElo "2364"]
[BlackElo "2425"]

1.e4 e6 2.d4 d5 3.Nd2 Be7 4.Bd3 c5 5.c3 cxd4 6.cxd4 dxe4 7.Nxe4 Nf6 8.Nxf6+ Bxf6
9.Nf3 Bd7 10.Be4 Bc6 11.Qd3 Bxe4 12.Qxe4 Nc6 13.O-O O-O 14.Rd1 Re8 15.Be3 Qe7
16.d5 exd5 17.Qxd5 Bxb2 18.Bg5 Qc7  1/2-1/2

[Event "IM"]
[Site "Deizisau GER"]
[Date "2003.04.14"]
[Round "5"]
[White "Sebag,M"]
[Black "Papa,S"]
[Result "1/2-1/2"]
[WhiteElo "2394"]
[BlackElo "2366"]

1.e4 e6 2.d4 d5 3.Nd2 Nc6 4.c3 e5 5.dxe5 dxe4 6.Nxe4 Qxd1+ 7.Kxd1 Nxe5 8.Bf4 f6
9.Bxe5 fxe5 10.Bd3 Nf6 11.Kc2 Bg4 12.f3 Bd7 13.Ng5 Bd6 14.Re1 Kf8 15.c4 Re8
16.Ne2 Bc6 17.Nc3 h6 18.Nge4 Bxe4 19.Bxe4 c6 20.Bg6 Rd8 21.a3 Bc7 22.Ne2 h5
23.Rhf1 Rh6 24.Bf5 g6 25.Bd3 Kf7 26.b4 Rhh8 27.c5 Rhe8 28.Nc3 Rd4 29.Be4 Red8
30.Rd1 a5 31.Ne2 Rxd1 32.Rxd1 Rxd1 33.Kxd1 axb4 34.axb4 Nxe4 35.fxe4 b5  1/2-1/2

[Event "34th Norwegian Open"]
[Site "Oslo NOR"]
[Date "2003.04.19"]
[Round "8"]
[White "Hersvik,D"]
[Black "Senff,M"]
[Result "1-0"]
[WhiteElo "2304"]
[BlackElo "2454"]

1.e4 e6 2.d4 d5 3.Nd2 Be7 4.c3 dxe4 5.Nxe4 Nf6 6.Nxf6+ Bxf6 7.Nf3 O-O 8.Bd3 c5
9.dxc5 Nd7 10.Be3 Qc7 11.h4 g6 12.Ng5 Nxc5 13.Bc2 h5 14.Qf3 Nd7 15.O-O-O Bg7
16.Qe2 b5 17.Qxb5 Rb8 18.Qa4 Nb6 19.Qa5 Qb7 20.Be4 Nd5 21.Rd2 Bd7 22.Bxd5 exd5
23.Qxd5 Bc6 24.Qd3 Bxg2 25.Rhd1 Bf6 26.Bd4 Rfd8 27.Qc2 Bxg5 28.hxg5 Be4 29.Qb3 Qxb3
30.axb3 h4 31.f3 Bxf3 32.Rf1 Bg4 33.Rf4 Bh5 34.Rxh4 Rxb3 35.Re4 Rb7 36.Bf6 Rc8
37.Re5 Bf3 38.Kc2 Bg4 39.Rd4 Bf3 40.b4 Kf8 41.Kb3 Rbb8 42.Re3 Bh5 43.Re7 Bf3
44.Rxa7  1-0

[Event "Foxwoods Open"]
[Site "Connecticut USA"]
[Date "2003.04.20"]
[Round "6"]
[White "Ivanov,AV"]
[Black "Ibragimov,I"]
[Result "0-1"]
[WhiteElo "2539"]
[BlackElo "2574"]

1.e4 e6 2.d4 d5 3.Nd2 a6 4.Ngf3 c5 5.exd5 exd5 6.Qe2+ Be6 7.dxc5 Bxc5 8.Nb3 Bb6
9.Nbd4 Qe7 10.Nxe6 fxe6 11.g3 Nf6 12.Bh3 Ne4 13.O-O Nc6 14.Be3 Bxe3 15.Qxe3 O-O
16.Rae1 Qf6 17.Nd2 Nd4 18.Nxe4 dxe4 19.Rd1 Nf3+ 20.Kh1 Rae8 21.c3 Qg6 22.Bg2 e5
23.Rd7 Qg4 24.Rxb7 Rf5 25.Qc5 Kh8 26.Qc4 Nd2 27.Qe6 Ref8 28.Ra1 h6 29.Qb6 R5f6
30.Qb4 Rxf2 31.Rb8 Rxb8 32.Qxb8+ Kh7  0-1

[Event "Commonwealth Ch"]
[Site "Mumbai IND"]
[Date "2003.04.23"]
[Round "5"]
[White "Darban,M"]
[Black "Ravi,L"]
[Result "1/2-1/2"]
[WhiteElo "2347"]
[BlackElo "2427"]

1.e4 e6 2.d4 d5 3.Nd2 Be7 4.Bd3 c5 5.dxc5 Nf6 6.Qe2 Bxc5 7.Ngf3 Nc6 8.O-O Qc7
9.c3 Bd7 10.h3 dxe4 11.Nxe4 Be7 12.Re1 Nd5 13.a3 Ne5 14.c4 Nxd3 15.Qxd3 Nf4
16.Qd4 Nh5 17.Ne5 Bc6 18.Nxc6 Qxc6 19.Bh6 O-O 20.Qe5 f5 21.Bg5 Nf6 22.Nxf6+ Bxf6
23.Bxf6 Rxf6 24.c5 Rg6 25.g3 Rf8 26.Qd6 Qc8 27.Rad1 h5 28.Rd4 h4 29.Rxh4 Rd8
30.Qe5 Rd5 31.Qe3 Rxc5 32.Qb3 Rc1 33.Rxc1 Qxc1+ 34.Kg2 Qc6+ 35.Qf3 e5 36.Qxc6 Rxc6
37.Rb4 b6 38.Rb5 Re6 39.g4 g6 40.Rd5 Re7 41.Kg3 fxg4 42.hxg4 Kg7 43.Kf3 Kf6
44.Ke4 Rc7 45.Rd6+ Kg5 46.Kxe5 Re7+ 47.Kd5 Re2 48.b4 Rd2+ 49.Kc6 Rxd6+ 50.Kxd6 Kxg4
51.Kc6 Kf3  1/2-1/2

[Event "Commonwealth Ch"]
[Site "Mumbai IND"]
[Date "2003.04.26"]
[Round "9"]
[White "Wang Yu"]
[Black "Kamble,V"]
[Result "0-1"]
[WhiteElo "2359"]
[BlackElo "2301"]

1.e4 e6 2.d4 d5 3.Nd2 Be7 4.e5 c5 5.Qg4 Kf8 6.dxc5 Nc6 7.Ngf3 h5 8.Qf4 g5
9.Qe3 Nh6 10.Bd3 Qc7 11.Nb3 g4 12.Nfd4 Qxe5 13.Nxc6 Qxe3+ 14.Bxe3 bxc6 15.Na5 Bd7
16.O-O e5 17.a3 f5 18.b4 Bd8 19.Nb3 Bc7 20.a4 f4 21.Bd2 Nf5 22.Ba6 Kf7 23.c4 d4
24.b5 e4 25.a5 Be5 26.Bb7 e3 27.Bb4 d3 28.Rab1 d2 29.Nxd2 exd2 30.Bxa8 Rxa8
31.Bxd2 Nd4 32.Rfe1 Kf6 33.Rxe5 Kxe5 34.Bc3 Ke4 35.Re1+ Kd3 36.Bxd4 Kxd4
37.Rd1+ Kxc4 38.Rxd7 cxb5 39.c6 b4 40.Rb7 Rc8 41.c7 a6  0-1

[Event "FSIMA May"]
[Site "Budapest HUN"]
[Date "2003.05.05"]
[Round "3"]
[White "Berczes,C"]
[Black "Lund,E"]
[Result "1/2-1/2"]
[WhiteElo "2251"]
[BlackElo "2269"]

1.e4 e6 2.d4 d5 3.Nd2 Be7 4.Bd3 c5 5.dxc5 Nf6 6.Qe2 Nc6 7.Ngf3 O-O 8.O-O Bxc5
9.e5 Nd7 10.Nb3 Be7 11.c3 b6 12.Nbd4 Qc7 13.Nxc6 Qxc6 14.Bg5 Bxg5 15.Nxg5 h6
16.Nf3 Qc7 17.Rfe1 Nc5 18.Nd4 Bd7 19.Rac1 Nxd3 20.Qxd3 Qc4 21.Qb1 a5 22.b3 Qc5
23.Qd3 b5 24.Re3 Rfc8 25.h3 Ra7 26.Rg3 Rac7 27.Ne2 b4 28.Qf3 Qf8 29.Qg4 Bb5
30.Nd4 Rxc3 31.Rgxc3 Rxc3 32.Rxc3 bxc3 33.Nxb5 c2 34.Qf4 Qc5 35.Qc1 Qxb5
36.Qxc2 d4 37.f4 d3 38.Qd2 Qc5+ 39.Kf1 Qd4 40.g3 f6 41.Kg2 fxe5 42.fxe5 Qd5+
43.Kf2 Qd4+ 44.Kf3 Qd5+ 45.Kf2 Qd4+ 46.Kf3  1/2-1/2

[Event "8th Cvitanovic Mem"]
[Site "Spilt CRO"]
[Date "2003.05.06"]
[Round "9"]
[White "Rade,M"]
[Black "Bukal,V jr"]
[Result "1-0"]
[WhiteElo "2390"]
[BlackElo "2396"]

1.e4 e6 2.d4 d5 3.Nd2 Be7 4.Bd3 c5 5.dxc5 Nd7 6.exd5 exd5 7.Ngf3 Nxc5 8.Nb3 Nf6
9.Nxc5 Bxc5 10.Qe2+ Be7 11.Bb5+ Bd7 12.Bxd7+ Qxd7 13.O-O O-O 14.Be3 Rfe8
15.Qd3 Qa4 16.Qb3 Qd7 17.Rad1 b6 18.Bd4 Ne4 19.Rd3 Qf5 20.Rfd1 h6 21.h3 Bf8
22.Be3 Nf6 23.Qb5 Rac8 24.c3 Bc5 25.Bxc5 Rxc5 26.Qb3 Re2 27.R3d2 Re4 28.Rd4 g5
29.Qc2 Rc7 30.R4d2 Rce7 31.Qd3 h5 32.Rf1 g4 33.Nd4 Qg5 34.h4 Qg6 35.Nc6 R7e6
36.Nb4 R6e5 37.Nc6 Re6 38.Nxa7 g3 39.fxg3 Ng4 40.Nb5 Qh6 41.Nd4 Rf6 42.Rxf6 Qxf6
43.Qf1 Qe5 44.Nf3 Qxg3 45.Rxd5 Kf8 46.Rxh5 Nh2 47.Nxh2 Re1 48.Rf5 Qe3+ 49.Rf2 b5
50.a3 Kg7 51.Qxe1 Qxe1+ 52.Nf1 Qe4 53.g3 Qb1 54.Kg2 Qe4+ 55.Kh2 Qe1 56.Kg1 Qb1
57.Re2 Kg6 58.Rf2 f5 59.Re2 Kf6 60.Kf2 Qc1 61.Nh2 f4 62.gxf4 Qxf4+ 63.Nf3 Qc1
64.Rd2 Kf5 65.Rd5+ Kf4 66.Rd4+ Kf5 67.Rb4 Qc2+ 68.Kg3  1-0

[Event "FSGM May"]
[Site "Budapest HUN"]
[Date "2003.05.07"]
[Round "5"]
[White "Turov,M"]
[Black "Biro,S"]
[Result "1-0"]
[WhiteElo "2531"]
[BlackElo "2334"]

1.e4 e6 2.d4 d5 3.Nd2 Be7 4.Ngf3 Nf6 5.Bd3 c5 6.dxc5 dxe4 7.Nxe4 Nxe4 8.Bxe4 Qxd1+
9.Kxd1 Bxc5 10.Ke2 Nd7 11.c4 e5 12.h3 O-O 13.Rd1 Nf6 14.Bc2 b6 15.Kf1 e4
16.Nd4 Ba6 17.b3 Rfe8 18.Kg1 Rac8 19.Nf5 b5 20.Nd6 Bxd6 21.Rxd6 Re6 22.Rxe6 fxe6
23.Be3 bxc4 24.bxc4 Bxc4 25.Bxa7 Ra8 26.Bb3 Bxb3 27.axb3 Nd5 28.Ra4 Nc3 29.Ra5 Nd5
30.Kf1 Kf7 31.Ke1 Ke8 32.Ra4 g6 33.Kd2 Kd7 34.h4 Kc6 35.Be3 Rb8 36.Kc2 Nxe3+
37.fxe3 Rf8 38.Rc4+ Kd5 39.Rd4+ Ke5 40.b4 Ra8 41.Kb2 Ra7 42.g4 h5 43.gxh5 gxh5
44.b5 Rb7 45.Rb4 Kd5 46.Kc3 Rc7+ 47.Kb3 Rb7 48.Kc3 Rc7+ 49.Kd2 Rb7 50.Ke2 Rb6
51.Kf2 e5 52.Ke2 Kc5 53.Rxe4 Kd5 54.Rb4 Kc5 55.Rb1 e4 56.Rd1 Rxb5 57.Kf2 Rb2+
58.Kg3 Re2 59.Kf4 Rh2 60.Rc1+ Kd5 61.Kg5 Re2 62.Rc3 Rd2 63.Ra3  1-0

[Event "Riviera IM"]
[Site "Opatija CRO"]
[Date "2003.05.07"]
[Round "10"]
[White "Zelenika,S"]
[Black "Pandurevic,M"]
[Result "1-0"]
[WhiteElo "2354"]
[BlackElo "2280"]

1.e4 e6 2.d4 d5 3.Nd2 Nc6 4.Ngf3 Nf6 5.e5 Nd7 6.Bb5 f6 7.Nb3 fxe5 8.dxe5 Ndb8
9.c3 Bd7 10.O-O Be7 11.Bd3 O-O 12.Re1 Qe8 13.Ng5 Bxg5 14.Bxg5 Ne7 15.Qg4 Nf5
16.Qh3 h6 17.Bd2 Qe7 18.f4 c5 19.Bc2 Nc6 20.g4 c4 21.gxf5 cxb3 22.axb3 exf5
23.b4 d4 24.b5 dxc3 25.bxc3 Qc5+ 26.Qe3 Qxe3+ 27.Bxe3 Nd8 28.c4 Ne6 29.Red1 Be8
30.Rd6 Bf7 31.Bxf5 Rfe8 32.Be4 b6 33.Bxa8  1-0

[Event "Riviera IM"]
[Site "Opatija CRO"]
[Date "2003.05.08"]
[Round "13"]
[White "Muslija,I"]
[Black "Pandurevic,M"]
[Result "1/2-1/2"]
[WhiteElo "2237"]
[BlackElo "2280"]

1.e4 e6 2.d4 d5 3.Nd2 Nc6 4.Ngf3 Nf6 5.e5 Nd7 6.Bb5 f6 7.exf6 Qxf6 8.Nb3 e5
9.Bxc6 bxc6 10.dxe5 Nxe5 11.Qe2 Bd6 12.Nxe5 Qxe5 13.Qxe5+ Bxe5 14.O-O Kf7
15.c3 a5 16.Re1 Re8 17.Be3 a4  1/2-1/2

[Event "FSGM May"]
[Site "Budapest HUN"]
[Date "2003.05.09"]
[Round "7"]
[White "Pilgaard,K"]
[Black "Chernyshov,K"]
[Result "1/2-1/2"]
[WhiteElo "2440"]
[BlackElo "2524"]

1.e4 e6 2.d4 d5 3.Nd2 Be7 4.Bd3 c5 5.dxc5 Nc6 6.Ngf3 Nf6 7.O-O O-O 8.c3 Bxc5
9.Qc2 h6 10.exd5 Nxd5 11.Nb3 Bd6 12.Qe2 e5 13.Rd1 Nf6 14.Nbd2 Qe7 15.h3 Be6
16.Nc4 Bxc4 17.Bxc4 e4 18.Nd2 Rad8 19.Nf1 Ne5 20.Be3 Bc5 21.Bxc5 Qxc5 22.Ne3 a6
23.a4 a5 24.Bb5 g6 25.Rd2 Nh5 26.Rxd8 Rxd8 27.Rd1 Rxd1+ 28.Qxd1 Nf4 29.Qd8+ Kg7
30.Qxa5 Ned3 31.Qd8 Nxb2 32.Qb8 Nbd3 33.Bxd3 Nxd3 34.Qxb7 Qxc3 35.Qxe4 Qa1+
36.Nf1 Nc5 37.Qe3 Nxa4 38.Qa7 Qd1 39.Qa5 Qd4 40.Qd2 Qxd2  1/2-1/2

[Event "National I"]
[Site "Clermont-Ferrand FRA"]
[Date "2003.05.10"]
[Round "10"]
[White "Miralles,G"]
[Black "Pelletier,Y"]
[Result "0-1"]
[WhiteElo "2451"]
[BlackElo "2623"]

1.e4 e6 2.d4 d5 3.Nd2 Be7 4.c3 c5 5.exd5 exd5 6.Ngf3 Nc6 7.dxc5 Bxc5 8.Bd3 Nf6
9.O-O O-O 10.Nb3 Bb6 11.Bg5 h6 12.Bh4 g5 13.Bg3 Ne4 14.Nfd4 f5 15.Nxc6 bxc6
16.Be5 c5 17.c4 Be6 18.Qe2 Qe7 19.Rad1 Rad8 20.Bc3 d4 21.Bxe4 fxe4 22.Qxe4 Qf7
23.Bd2 Bxc4 24.Rfe1 Bd5 25.Qg4 Qxf2+ 26.Kh1 Rc8 27.Rg1 c4 28.Nxd4 Qxd4 29.Qh5 Qf6
30.Bc3 Bf7  0-1

[Event "FSIMA May"]
[Site "Budapest HUN"]
[Date "2003.05.11"]
[Round "9"]
[White "Dembo,Y"]
[Black "Dubois,L"]
[Result "0-1"]
[WhiteElo "2402"]
[BlackElo "2264"]

1.e4 e6 2.d4 d5 3.Nd2 Nc6 4.Ngf3 Nf6 5.e5 Nd7 6.Bb5 a6 7.Bxc6 bxc6 8.c4 c5
9.O-O Be7 10.Nb3 O-O 11.Na5 Nb8 12.dxc5 Bxc5 13.Qc2 Be7 14.c5 c6 15.b4 f6
16.Bb2 Qe8 17.Rae1 f5 18.Rb1 Ra7 19.Bc1 h6 20.a4 Bd7 21.Nb3 g5 22.Nbd4 Kg7
23.Ne1 f4 24.f3 Qc8 25.Bd2 Be8 26.Qc3 Bg6 27.Rc1 Rc7 28.Nb3 Nd7 29.Nc2 Kf7
30.Rfe1 Re8 31.Qd4 Bf8 32.Bc3 Bg7 33.Qd2 Ra7 34.Bd4 Qb8 35.Qc3 Rc8 36.Na5 Qc7
37.Na1 Kg8 38.N1b3 Rf8 39.b5 axb5 40.axb5 cxb5 41.c6 Nb6 42.Qc5 Rb8 43.Nb7 Nc8
44.Qxb5 Bf8 45.Bxa7 Nxa7 46.Qa5 Qxa5 47.N3xa5 Bb4 48.Red1 Be8 49.Rd3 Nxc6
50.Nxc6 Rxb7 51.Nxb4 Rxb4 52.Rc7 Rb1+ 53.Kf2 Bb5 54.Rcc3 Bxd3 55.Rxd3 Rb2+
56.Kf1 Kf7 57.g4 fxg3 58.hxg3 h5 59.Rd4 Rc2 60.Ra4 Kg6 61.g4 hxg4 62.fxg4 Rc4
63.Rxc4 dxc4 64.Ke2 Kf7 65.Kd2 Ke7 66.Kc3 Kd7 67.Kd4 Kc7 68.Kc3 Kb6  0-1

[Event "Capablanca Mem Mixto"]
[Site "Havana CUB"]
[Date "2003.05.11"]
[Round "6"]
[White "Ruiz Jimenez,F"]
[Black "Arribas,M"]
[Result "0-1"]
[WhiteElo "2200"]
[BlackElo "2352"]

1.e4 e6 2.d4 d5 3.Nd2 Nc6 4.Ngf3 Nf6 5.e5 Nd7 6.Bb5 a5 7.O-O Ncb8 8.Re1 b6
9.c4 c6 10.cxd5 cxd5 11.Nf1 Ba6 12.Bg5 Be7 13.Bxe7 Qxe7 14.Bxd7+ Nxd7 15.Ng3 O-O
16.Re3 Rac8 17.Rc1 Qb4 18.Rc2 Qa4 19.b3 Qb4 20.Ne2 Nb8 21.Qc1 h6 22.Rec3 Rxc3
23.Nxc3 Bd3 24.Rd2 Bf5 25.Na4 Be4 26.Ne1 Nd7 27.f3 Bg6 28.Qc3 Qe7 29.Qc6 Rb8
30.Rd1 Kh7 31.g3 Qd8 32.Rc1 b5 33.Nb2 Rb6 34.Qc7 Qxc7 35.Rxc7 Nb8 36.Kf2 Na6
37.Rc8 Nb4 38.a3 Rc6 39.Rxc6 Nxc6 40.Ke3 Bb1 41.Ned3 b4 42.axb4 axb4 43.Nc5 g5
44.g4 Kg6 45.Na6 Bc2 46.Nd3 Bxb3 47.Naxb4 Na5 48.Nc5 Bd1 49.Ncd3 Nc4+ 50.Kf2 h5
51.h3 h4 52.Ne1 Nd2 53.Ke3 Nc4+ 54.Kd3 f6 55.Nc6 Ba4 56.Nd8 Bd7 57.exf6 Kxf6
58.Nb7 e5 59.Nc5 Bb5 60.Nb3 Na5+ 61.Kc3 Nxb3 62.Kxb3 Bf1 63.Kc3 Bxh3 64.dxe5+ Kxe5
65.Kd3 Kf4 66.Ke2 Kg3 67.Nc2 Bg2 68.Nd4 h3 69.Nf5+ Kf4 70.Kf2 Bxf3  0-1